000 00928nam0a22002531 4500
001 rc\631817
005 20031121164420.6
035 _a(NLR Aleph) 005873943
090 _a6007909
_c6007909
100 _a20031121d1986 u |0rusy50 ca
101 0 _arus
102 _aRU
105 _ay |||||||||
200 1 _aПеревоспитание несовершеннолетних в условиях специального учреждения
_fА.И. Медведев, М.Н. Фицула, Р.М. Хмурич
210 _aКиев
_cВища школа
_d1986
215 _a151, [1] с.
_d20
700 1 _aМедведев
_bА. И.
_gАнатолий Иванович
701 1 _aФицула
_bМ. Н.
_gМихаил Николаевич
701 1 _aХмурич
_bР. М.
_gРоман Миронович
801 0 _aRU
_bNLR
_gpsbo
801 1 _aRU
_bELAR
_2rusmarc
852 _aNLR
_j86-3/10759
942 _cBOOK
980 _aNB